Electricity : (Record no. 209376)
[ view plain ]
| 000 -LEADER | |
|---|---|
| fixed length control field | 01101 a2200217 4500 |
| 003 - CONTROL NUMBER IDENTIFIER | |
| control field | Nust |
| 005 - DATE AND TIME OF LATEST TRANSACTION | |
| control field | 20170207164553.0 |
| 010 ## - LIBRARY OF CONGRESS CONTROL NUMBER | |
| LC control number | 78026824 |
| 020 ## - INTERNATIONAL STANDARD BOOK NUMBER | |
| International Standard Book Number | 0070217041 |
| 040 ## - CATALOGING SOURCE | |
| Transcribing agency | Nust |
| 082 00 - DEWEY DECIMAL CLASSIFICATION NUMBER | |
| Classification number | 537 |
| 100 1# - MAIN ENTRY--PERSONAL NAME | |
| Personal name | Fowler, Richard J. |
| 245 10 - TITLE STATEMENT | |
| Title | Electricity : |
| Remainder of title | principles and applications / |
| Statement of responsibility, etc. | Richard J. Fowler. |
| 260 ## - PUBLICATION, DISTRIBUTION, ETC. | |
| Place of publication, distribution, etc. | New York : |
| Name of publisher, distributor, etc. | McGraw-Hill, Gregg Division, |
| Date of publication, distribution, etc. | c1979. |
| 300 ## - PHYSICAL DESCRIPTION | |
| Extent | xiv, 322 p. : |
| Other physical details | ill. ; |
| Dimensions | 29 cm. |
| 440 #0 - SERIES STATEMENT/ADDED ENTRY--TITLE | |
| Title | Basic skills in electricity and electronics |
| 500 ## - GENERAL NOTE | |
| General note | Includes index. |
| 505 ## - FORMATTED CONTENTS NOTE | |
| Formatted contents note | 1.Basic concepts(page 1)2.Electrical quantities and units(page 12)3.Basic circuits,laws and measurements(page 33)4.Circuit components(page 53)5.Multiple-load circuits(page 87)6.Magnetism and electromagnetism(page 110)7.Basic measuring instruments(page 130)8.Alternating current and voltage(page 146)9.Power in ac circuits(page 167)10.Inductance(page 181)11.Transformers(page 202)12.Capacitance(page 227)13.R,C and L circuits(page 256)14.AC measurement(page 285)Appendixes(page 303)Index (page 319) |
| 538 ## - SYSTEM DETAILS NOTE | |
| System details note | Almirah No.17 and Shelf No.1 |
| 650 #0 - SUBJECT ADDED ENTRY--TOPICAL TERM | |
| Topical term or geographic name entry element | Electricity. |
| 942 ## - ADDED ENTRY ELEMENTS (KOHA) | |
| Source of classification or shelving scheme | |
| Koha item type | Book |
| Withdrawn status | Lost status | Source of classification or shelving scheme | Damaged status | Not for loan | Collection code | Permanent Location | Current Location | Date acquired | Total Checkouts | Full call number | Barcode | Date last seen | Price effective from | Koha item type |
|---|---|---|---|---|---|---|---|---|---|---|---|---|---|---|
| Military College of Signals (MCS) | Military College of Signals (MCS) | 12/12/2016 | 537 FOW | MCS5515 | 12/08/2016 | 12/12/2016 | Book |
